000 01288cab a22002415a 4500
001 L151550
008 101116e20101105xxk 000 0 eng d
035 _a(Sirsi) u151550
041 0 _aeng
100 1 _aHatcher, David
245 0 0 _aMarkets
_bHerts, Beds, Bucks and Oxon
260 _c2010
490 0 _aProperty Week
_v76(44) 5 November 2010, 53-62 (5)
520 _aCompulsory purchase orders to be issued in January 2011 for St Modwen's scaled-down Hatfied town centre regeneration scheme. Watford's Charter Place shopping centre may use new local councils' tax increment financing model. Space refurbishing to reduce vacancy rates in Watford's Croxley Business Park. Outlines progress towards the new district council housing targets in the four counties after the scrapping of regional spatial strategies. New leases at Threadneedle's MK Central scheme makes it nearly 90% full. The sale of £19m Quadrant shopping mall is vital to central Dunstable's redevelopment.
590 _aKA
651 4 _aHertfordshire
651 4 _aBedfordshire
651 4 _aBuckinghamshire
651 4 _aOxfordshire
690 _aPROPERTY-COMMERCIAL PROPERTY-COMMERCIAL PROPERTY MARKET
690 _aPROPERTY-COMMERCIAL PROPERTY-COMMERCIAL PROPERTY FINANCE AND INVESTMENT
942 _n0
999 _c82819
_d82819